قصة الفلسفة : (Record no. 14561)

MARC details
000 -LEADER
fixed length control field 00758nam a22001697a 4500
008 - FIXED-LENGTH DATA ELEMENTS--GENERAL INFORMATION
fixed length control field 100727t xxu||||| |||| 00| 0 eng d
082 ## - DEWEY DECIMAL CLASSIFICATION NUMBER
Edition number 22
Classification number 109
Item number د ى و
245 ## - TITLE STATEMENT
Title قصة الفلسفة :
Remainder of title من أفلاطون إلى جون ديوي :حياة وراء اعاظم رجال الفلسفة فى العالم /
Statement of responsibility, etc ول ديورانت ؛ ترجمة فتح الله محمد المشعشع
250 ## - EDITION STATEMENT
Edition statement ط6.
260 ## - PUBLICATION, DISTRIBUTION, ETC. (IMPRINT)
Place of publication, distribution, etc بيروت:
Name of publisher, distributor, etc مكتبة المعارف ،1988
Date of publication, distribution, etc 1988
300 ## - PHYSICAL DESCRIPTION
Extent 632 ص؛
Dimensions 24 سم.
650 ## - SUBJECT ADDED ENTRY--TOPICAL TERM
9 (RLIN) 16457
Topical term or geographic name as entry element الفلسفة
General subdivision تاريخ
650 ## - SUBJECT ADDED ENTRY--TOPICAL TERM
9 (RLIN) 8307
Topical term or geographic name as entry element فلسفة أرسطو
650 ## - SUBJECT ADDED ENTRY--TOPICAL TERM
9 (RLIN) 16090
Topical term or geographic name as entry element الفلسفة اليونانية
700 ## - ADDED ENTRY--PERSONAL NAME
9 (RLIN) 16845
Personal name المشعشع، فتح الله محمد
Titles and other words associated with a name مترجم .
942 ## - ADDED ENTRY ELEMENTS (KOHA)
Source of classification or shelving scheme Dewey Decimal Classification
Item type Book - Borrowing
Holdings
Withdrawn status Item status Source of classification or shelving scheme Materials specified (bound volume or other part) Damaged status Not for loan Vendor Home library Current library Shelving location Date acquired Source of acquisition Total Checkouts Full call number Barcode Date last seen Koha item type Total Renewals Date last borrowed
  Lost Dewey Decimal Classification Lost In Inventory_2015-8-23       Central Library Central Library Lower Floor 27/07/2010 Donation   109 د ي و 000021308 27/07/2010 Book - Borrowing    
    Dewey Decimal Classification         Central Library Central Library Lower Floor 27/02/2011   4 109 د ي و 000022802 15/07/2025 Book - Borrowing 20 14/03/2018